Property law supplement (Record no. 76521)
[ view plain ]
| 000 -LEADER | |
|---|---|
| fixed length control field | 02355cab a2200421 4500 |
| 001 - CONTROL NUMBER | |
| control field | ##L132601 |
| 008 - FIXED-LENGTH DATA ELEMENTS--GENERAL INFORMATION | |
| fixed length control field | 060222n2006 000 0 eng u |
| 035 ## - SYSTEM CONTROL NUMBER | |
| System control number | (Sirsi) u132601 |
| 041 0# - LANGUAGE CODE | |
| Language code of text/sound track or separate title | eng |
| 100 1# - MAIN ENTRY--PERSONAL NAME | |
| Personal name | Ambrose, Peter |
| 245 00 - TITLE STATEMENT | |
| Title | Property law supplement |
| 260 ## - PUBLICATION, DISTRIBUTION, ETC. | |
| Date of publication, distribution, etc. | 2006 |
| 490 #0 - SERIES STATEMENT | |
| Series statement | New Law Journal |
| Volume/sequential designation | 156 (7211) 10 February 2006, 213-230(12) |
| 520 ## - SUMMARY, ETC. | |
| Summary, etc. | Articles covering developments in property law: "Hip hip hooray?" investigates how radically Home Information Packs will change conveyancing and their effect on independent solicitors; "(In)comprehensive reform" reviews the impact of reforms to the planning and development control system and questions any fundamental change; "REITS - are we any the wiser?" calls for the draft regulations on the UK Real Estate Investment Trust to be revamped if the concept is to be embraced by the property industry; "The e-conveyancing jigsaw" discusses progress down the e-conveyancing route and why cautious optimism about its future is justified; "New lease of life" argues that compulsory prescribed clauses will mean more work for practitioners but should reduce the chances of Land Registry errors; "Commonhold - a quiet revolution?" asks why no major commonhold development has arrived yet, and "Seeing the light" considers recent case law on the ancient right to light and reflects on its importance to developers. |
| 590 ## - LOCAL NOTE (RLIN) | |
| Local note | IKA280206 |
| 650 24 - SUBJECT ADDED ENTRY--TOPICAL TERM | |
| Topical term or geographic name entry element | MIDTOWN LTD V CITY OF LONDON REAL PROPERTY CO LTD |
| 650 24 - SUBJECT ADDED ENTRY--TOPICAL TERM | |
| Topical term or geographic name entry element | PRESCRIPTION ACT 1832 S3 |
| 650 24 - SUBJECT ADDED ENTRY--TOPICAL TERM | |
| Topical term or geographic name entry element | LAW OF PROPERTY ACT 1925 S62 |
| 650 24 - SUBJECT ADDED ENTRY--TOPICAL TERM | |
| Topical term or geographic name entry element | R V CORPORATION OF LONDON LBC EX P MYSTERY OF THE BARBERS OF LONDON |
| 650 24 - SUBJECT ADDED ENTRY--TOPICAL TERM | |
| Topical term or geographic name entry element | TOWN AND COUNTRY PLANNING ACT 1990 S237 |
| 650 24 - SUBJECT ADDED ENTRY--TOPICAL TERM | |
| Topical term or geographic name entry element | COLLS V HOME & COLONIAL STORES 1904 |
| 650 24 - SUBJECT ADDED ENTRY--TOPICAL TERM | |
| Topical term or geographic name entry element | HUMAN RIGHTS ACT 1998 |
| 650 24 - SUBJECT ADDED ENTRY--TOPICAL TERM | |
| Topical term or geographic name entry element | RIGHTS TO LIGHT |
| 650 24 - SUBJECT ADDED ENTRY--TOPICAL TERM | |
| Topical term or geographic name entry element | PYE (OXFORD) LTD & ANOR V UNITED KINGDOM |
| 650 24 - SUBJECT ADDED ENTRY--TOPICAL TERM | |
| Topical term or geographic name entry element | LAND REGISTRATION (AMENDMENT) (NO 2) RULES 2005 |
| 650 24 - SUBJECT ADDED ENTRY--TOPICAL TERM | |
| Topical term or geographic name entry element | COMMONHOLD AND LEASEHOLD REFORM ACT 2002 |
| 650 24 - SUBJECT ADDED ENTRY--TOPICAL TERM | |
| Topical term or geographic name entry element | PLANNING AND COMPULSORY PURCHASE ACT 2004 |
| 650 24 - SUBJECT ADDED ENTRY--TOPICAL TERM | |
| Topical term or geographic name entry element | HOME INFORMATION PACKS |
| 690 ## - LOCAL SUBJECT ADDED ENTRY--TOPICAL TERM (OCLC, RLIN) | |
| Topical term or geographic name as entry element | PROPERTY |
| 700 1# - ADDED ENTRY--PERSONAL NAME | |
| Personal name | Steele, Andrew |
| 700 1# - ADDED ENTRY--PERSONAL NAME | |
| Personal name | Larcombe, Fiona |
| 700 1# - ADDED ENTRY--PERSONAL NAME | |
| Personal name | Biddlecombe, Rob |
| 700 1# - ADDED ENTRY--PERSONAL NAME | |
| Personal name | Higbee, Janet |
| 700 1# - ADDED ENTRY--PERSONAL NAME | |
| Personal name | Mackie, Bill |
| 700 1# - ADDED ENTRY--PERSONAL NAME | |
| Personal name | Leonard, Ella |
| 700 1# - ADDED ENTRY--PERSONAL NAME | |
| Personal name | Simmons, Christopher |
| 942 ## - ADDED ENTRY ELEMENTS (KOHA) | |
| Suppress in OPAC | 0 |
| Withdrawn status | Lost status | Source of classification or shelving scheme | Damaged status | Not for loan | Home library | Current library | Shelving location | Date acquired | Total Checkouts | Full call number | Barcode | Date last seen | Copy number | Price effective from | Koha item type |
|---|---|---|---|---|---|---|---|---|---|---|---|---|---|---|---|
| Dewey Decimal Classification | London | London | Journal article | 22/02/2006 | L132601 | 132601-1001 | 06/08/2019 | 1 | 06/08/2019 | Journal article |